000 00354nam a2200133Ia 4500
008 151001s9999||||xx |||||||||||||| ||und||
100 _aकृ श प्रभावळकर
245 _aएकेरी गाठ
250 _a1
260 _bभारत गौरव ग्रंथमाला
260 _c1937
300 _a265
365 _b7
999 _c951759
_d951756